| 000 | 00439nam a2200145 a 4500 | ||
|---|---|---|---|
| 001 | 1122 | ||
| 003 | CDMR | ||
| 005 | 20130116135201.0 | ||
| 008 | 130130s ||||||||||||||||||||||||||||d | ||
| 040 |
_aCDMR _bcat _cCDMR |
||
| 111 | 2 |
_aJornades de l'Observatori _cBarcelona _d1997 _n1es _9885 |
|
| 245 | 1 | 4 | _aEls Treballs del Naos |
| 260 |
_aBarcelona _bObservatori Europeu de la Televisió Infantil. Comissionat de les Arts Audiovisuals |
||
| 942 | _cMON | ||
| 999 |
_c1122 _d1122 |
||